00345nam a2200133Ia 4500008004100000041000800041082001600049100001500065245005700080260003500137300000800172365001600180700001500196230718s9999 xx 000 0 und d aeng a621.37bMEH aMehta V.K. aPrinciples Of Electrical Engineering And Electronics c1998bS.Chand And Company Ltd. a722 cRs.b170.00 aMehta V.K.